Normal view
MARC view
- COMPUTER GRAPHICS, THREE DIMENSIONAL IMAGES , JAVA.3D GRAPHICS PROGRAMMING
Entry Topical Term
001 - CONTROL NUMBER
- control field: 61213
003 - CONTROL NUMBER IDENTIFIER
- control field: NUST
005 - DATE AND TIME OF LATEST TRANSACTION
- control field: 20210628202719.0
008 - FIXED-LENGTH DATA ELEMENTS
- fixed length control field: 210628|| aca||aabn | a|a d
040 ## - CATALOGING SOURCE
- Original cataloging agency: NUST
- Transcribing agency: NUST
150 ## - HEADING--TOPICAL TERM
- Topical term or geographic name entry element: COMPUTER GRAPHICS, THREE DIMENSIONAL IMAGES , JAVA.3D GRAPHICS PROGRAMMING
670 ## - SOURCE DATA FOUND
- Source citation: Work cat.: (NUST): Chen, Jim . X,Wegman, Edward .J 61212, Foundations of 3d graphics programming using jogl and java 3d, 2006
